Statistics for ESPN's Most Dominating Athletes from 1998 - 2017

Click here to take the quiz!

General Stats

  • This quiz has been taken 47 times
  • The average score is 11 of 20

Answer Stats

Ranking Sport Athlete % Correct
1GolfTiger Woods
100%
2BasketballLeBron James
93%
20American FootballTom Brady
89%
5TennisRoger Federer
87%
14SoccerCristiano Ronaldo
80%
11SoccerLionel Messi
80%
12TennisSerena Williams
76%
3American FootballPeyton Manning
69%
8BoxingFloyd Mayweather
67%
10Track and FieldUsain Bolt
62%
15TennisNovak Djokovic
44%
7Motor SportsMichael Schumacher
42%
4Motor SportsJimmie Johnson
42%
17BaseballBarry Bonds
38%
18BaseballMike Trout
29%
19BoxingManny Pacquiao
27%
6GolfAnnika Sorenstam
16%
9SoccerMarta
9%
16Track and FieldAllyson Felix
4%
13BasketballLauren Jackson
4%

Score Distribution

Percentile by Number Answered

Percent of People with Each Score

Your Score History

You have not taken this quiz